Scaly, slippery creatures / (Record no. 5489)
[ view plain ]
| 000 -LEADER | |
|---|---|
| fixed length control field | 01063nam a22003017a 4500 |
| 001 - CONTROL NUMBER | |
| control field | 5489 |
| 003 - CONTROL NUMBER IDENTIFIER | |
| control field | FISKH |
| 005 - DATE AND TIME OF LATEST TRANSACTION | |
| control field | 20241212111944.0 |
| 008 - FIXED-LENGTH DATA ELEMENTS--GENERAL INFORMATION | |
| fixed length control field | 241212b cb ||||| |||| 00| 0 eng d |
| 020 ## - INTERNATIONAL STANDARD BOOK NUMBER | |
| International Standard Book Number | 9780545940177 |
| 040 ## - CATALOGING SOURCE | |
| Original cataloging agency | FISKH |
| Language of cataloging | eng |
| Transcribing agency | FISKH |
| Modifying agency | FISKH |
| 050 ## - LIBRARY OF CONGRESS CALL NUMBER | |
| Classification number | QL644.2 |
| 082 ## - DEWEY DECIMAL CLASSIFICATION NUMBER | |
| Classification number | 597.9 |
| 100 ## - MAIN ENTRY--PERSONAL NAME | |
| Personal name | Rake, Matthew |
| 245 ## - TITLE STATEMENT | |
| Title | Scaly, slippery creatures / |
| Statement of responsibility, etc. | by Matthew Rake : illustrated by Simon Mendez |
| 250 ## - EDITION STATEMENT | |
| Edition statement | First Scholastic printing, January 2016 |
| 260 ## - PUBLICATION, DISTRIBUTION, ETC. | |
| Place of publication, distribution, etc. | New York : |
| Name of publisher, distributor, etc. | Scholastic ; |
| Date of publication, distribution, etc. | 2015 . |
| 300 ## - PHYSICAL DESCRIPTION | |
| Extent | 32 pages : |
| Other physical details | color illustrations ; |
| Dimensions | 24 cm . |
| 490 ## - SERIES STATEMENT | |
| Series statement | Real-life monsters |
| 505 ## - FORMATTED CONTENTS NOTE | |
| Formatted contents note | Z <br/> |
| 520 ## - SUMMARY, ETC. | |
| Summary, etc. | Can you name the most poisonous snake on Earth? Can you tell the difference between a Komodo dragon and a crocodile? Meet some of the world's creepiest critters in this photo-packed book of reptilian monsters |
| 521 8# - TARGET AUDIENCE NOTE | |
| Target audience note | 1110 <br/><br/> |
| Source | Lexile <br/> |
| 521 8# - TARGET AUDIENCE NOTE | |
| Target audience note | Z <br/> |
| Source | Raz-Plus <br/> |
| 650 ## - SUBJECT ADDED ENTRY--TOPICAL TERM | |
| Topical term or geographic name entry element | animals |
| Form subdivision | non-fiction |
| 700 ## - ADDED ENTRY--PERSONAL NAME | |
| Personal name | Mendez, Simon |
| Relator term | illustrator |
| 942 ## - ADDED ENTRY ELEMENTS (KOHA) | |
| Source of classification or shelving scheme | Dewey Decimal Classification |
| Koha item type | Books |
| Suppress in OPAC | No |
| Withdrawn status | Lost status | Source of classification or shelving scheme | Damaged status | Not for loan | Collection | Home library | Current library | Shelving location | Date acquired | Total Checkouts | Full call number | Barcode | Date last seen | Price effective from | Koha item type |
|---|---|---|---|---|---|---|---|---|---|---|---|---|---|---|---|
| Dewey Decimal Classification | Non-Fiction | Footprints International School Library Network Toul Kork Campus | Footprints International School Library Network Toul Kork Campus | TTP Secondary Non-Fiction Bookshelves | 12/12/2024 | RAK 597.9 QL644.2 | FIS05561 | 12/12/2024 | 12/12/2024 | Books |
